| 000 | 00984nam a22001935i 4500 | ||
|---|---|---|---|
| 001 | 157127 | ||
| 003 | ES-MaACL | ||
| 005 | 20250824063053.0 | ||
| 008 | 020322s1872 sp |||| | spa d | ||
| 040 |
_aCAM _bspa _cCAM |
||
| 100 | 1 |
_aLarra y Wetoret, Luis Mariano de, _d1830-1901 _970289 |
|
| 245 | 1 | 3 |
_aLa prima-donna _b: juguete cómico en un acto y en verso / _coriginal de Luis Mariano de Larra ; escrito para el estreno de Patrocinio Roselló. |
| 260 |
_aMadrid : _b[s.n.], _c1872 ( _fimprenta de José Rodriguez) |
||
| 300 |
_a37 p. ; _c20 cm. |
||
| 500 | _aEn port.: Representado en el teatro de la Zarzuela, el día 5 de octubre de 1872. | ||
| 596 | _aEn verso de port. consta: "... de la galería dramática y lírica de Alonso Gullon ... " | ||
| 852 |
_aES-MaACL _jF-8608(4) _z-- Enc. pasta española _q-- Falto de la cub. original _z-- Enc. en un vol. facticio formando parte de la col. facticia "Teatro español moderno", vol. 63 |
||
| 999 |
_c157127 _d157127 |
||